000 00717cam a22002173a 4500
001 43544
003 PGUSA
005 20140828084006.0
008 130823s2013||||xxu|||||s|||||000 | eng d
040 _aPGUSA
_beng
042 _adc
100 1 _aSchlegel, Friedrich von,
_d1772-1829
245 1 4 _aThe philosophy of life, and philosophy of language, in a course of lectures
_h[electronic resource] /
_cFriedrich von Schlegel
260 _bProject Gutenberg,
_c2013
506 _aPublic domain in the USA.
516 _aElectronic text
700 1 _aMorrison, A. J. W.
_q(Alexander James William),
_d1806-1865
830 0 _aProject Gutenberg
_v43544
856 4 0 _uhttp://www.gutenberg.org/ebooks/43544
942 _cEB
999 _c272795
_d272795